[Event "Katowice POL-HUN 10th"]
[Site "Katowice"]
[Date "2023.09.10"]
[Round "6"]
[White "Kubicka, Anna"]
[Black "Sputowski, Jakub"]
[Result "1-0"]
[WhiteElo "2284"]
[BlackElo "1723"]
[PlyCount "149"]
[EventDate "2023.09.09"]
[EventType "swiss (rapid)"]
[EventRounds "9"]
[EventCountry "POL"]
[SourceTitle "EXT 2024"]
[Source "ChessBase"]
[SourceDate "2023.10.10"]
[SourceVersion "1"]
[SourceVersionDate "2023.10.10"]
[SourceQuality "1"]

1. e4 c5 2. Nf3 e6 3. d4 cxd4 4. Nxd4 Nf6 5. Nc3 Nc6 6. Ndb5 Bb4 7. a3 Bxc3+ 8. Nxc3 d5 9. exd5 exd5 10. Bd3 0-0 11. 0-0 d4 12. Ne2 Bg4 13. f3 Bh5 14. Bg5 Qb6 15. Bxf6 gxf6 16. Qe1 Bg6 17. Qh4 Ne5 18. Nf4 Bxd3 19. cxd3 Ng6 20. Qh6 Nxf4 21. Qxf4 Rfe8 22. Rac1 Re3 23. Rc7 Rae8 24. Rd7 Rxd3 25. Rd6 Qxb2 26. Qxf6 Rd2 27. Qg5+ Kh8 28. Kh1 d3 29. Rd8 Rxd8 30. Qxd8+ Kg7 31. Qg5+ Kf8 32. h3 f6 33. Qc5+ Kf7 34. Qd5+ Kg7 35. Qd7+ Kh6 36. Qg4 Qe5 37. Qh4+ Kg7 38. f4 Qe2 39. Qg3+ Kf7 40. Rf3 Rd1+ 41. Kh2 d2 42. Rd3 Rb1 43. Rd7+ Ke6 44. Qg7 Rh1+ 45. Kxh1 d1Q+ 46. Rxd1 Qxd1+ 47. Kh2 Qd6 48. Qg8+ Kf5 49. Qxh7+ Kxf4 50. Qc2 Ke3+ 51. g3 Qxa3 52. h4 Qa5 53. Qc1+ Kf2 54. Qb2+ Ke3 55. Qxf6 Qd2+ 56. Kh3 Qd7+ 57. g4 Qd1 58. Qe5+ Kf2 59. Qf4+ Ke2 60. h5 Qd3+ 61. Kh4 b5 62. h6 a5 63. Qf5 Qd8+ 64. Qg5 Qb8 65. Kh5 b4 66. h7 b3 67. Qe7+ Kf3 68. Qf6+ Ke3 69. h8Q Qh2+ 70. Kg6 Qc2+ 71. Qf5 Qc6+ 72. Kg5 a4 73. Qhe5+ Kd2 74. Qf2+ Kd3 75. Qed4# 1-0

[Event "Ustron op-C"]
[Site "Ustron"]
[Date "2021.08.18"]
[Round "7"]
[White "Sputowski, Jakub"]
[Black "Golis, Wiktor"]
[Result "0-1"]
[WhiteElo "1510"]
[BlackElo "1529"]
[PlyCount "112"]
[EventDate "2021.08.13"]
[EventType "swiss"]
[EventRounds "9"]
[EventCountry "POL"]
[SourceTitle "EXT 2022"]
[Source "ChessBase"]
[SourceDate "2021.10.06"]
[SourceVersion "1"]
[SourceVersionDate "2021.10.06"]
[SourceQuality "1"]

1. e4 c5 2. Nf3 d6 3. d4 cxd4 4. Nxd4 Nf6 5. Nc3 a6 6. g3 e5 7. Nde2 Be7 8. Bg2 0-0 9. 0-0 b5 10. h3 Bb7 11. g4 b4 12. Nd5 Nxd5 13. exd5 Bc8 14. Ng3 g6 15. Bh6 Re8 16. Qd2 a5 17. a3 bxa3 18. Rxa3 Nd7 19. Rfa1 Nb6 20. b3 a4 21. Be3 Bh4 22. Qb4 Rb8 23. Bxb6 Rxb6 24. Qxa4 f5 25. Qc4 fxg4 26. hxg4 Rb7 27. Ra7 Rxa7 28. Rxa7 Bxg3 29. Ra8 Bf4 30. g5 Qd7 31. Qc3 Rf8 32. Qc6 Bxg5 33. Qb6 Bh4 34. f3 Bb7 35. Ra7 Rf7 36. Kh2 Qc7 37. Qb5 Kg7 38. c4 Bg5 39. b4 Bf4+ 40. Kh1 Qe7 41. Ra2 Qh4+ 42. Kg1 Be3+ 43. Kf1 e4 44. Qe8 exf3 45. Qxe3 Qxc4+ 46. Kg1 Qxa2 47. Qc3+ Kg8 48. Bxf3 Qb1+ 49. Kg2 Qf5 50. Qe3 Qxf3+ 51. Qxf3 Rxf3 52. Kxf3 Bxd5+ 53. Kf4 h5 54. b5 Bb7 55. b6 d5 56. Ke5 h4 0-1